000 01052cam a2200241 i 4500
005 20260127103842.0
008 250721s1990 le gr 000 0 ara d
020 _a077372460
082 1 4 _a355.3432
_bا و س
100 1 _aاوستروفسكي، فيكتور
_eمؤلف.
245 1 0 _aعن طريق الخداع :
_bصورة مروعة للموساد من الداخل /
_cفيكتور اوتسروفسكي، كليرهوي ؛ ترجمة هشام عبدالله، ماهر الكيالي، جورج خوري.
246 1 0 _aBY WAY OF DECEPTION A Devastating Insiders Portrait of the Mossad.
250 _aالطبعة الأولى.
264 3 1 _aبيروت:
_bالمؤسسة العربية للدراسات والنشر.
_c1990.
300 _a311صفحة.
650 1 7 _aالموساد.
700 1 _aهوى، كلير
_eمؤلف.
700 1 _aعبدالله، هشام
_eمترجم.
700 1 _aالكيالي، ماهر
_eمترجم.
700 1 _aخوري، جورج
_eمترجم.
942 _2ddc
_cBK
999 _c8764
_d8764